Statistics for Croatian Footballers in the English Premier League

Click here to take the quiz!

General Stats

  • This quiz has been taken 146 times
  • The average score is 10 of 22

Answer Stats

Year Teams played for Answer % Correct
2008-12Tottenham HotspurLuka Modric
94%
2013 -Southampton, LiverpoolDejan Lovren
81%
2006-12, 2014-15Portsmouth, Tottenham Hotspur, QPRNiko Kranjcar
69%
1999-01Arsenal, West Ham UnitedDavor Suker
66%
2007-12Manchester City, Tottenham HotspurVedrun Corluka
63%
1998-00Newcastle UnitedSilvio Maric
61%
2014-16Leicester CityAndrej Kramaric
60%
2011-16Everton, Hull City, West Ham UnitedNikica Jelavic
60%
2007-08, 2009-10ArsenalEduardo
56%
1995-99West Ham United, EvertonSlaven Bilic
52%
2009-11Blackburn RoversNikola Kalinic
45%
2000-05LiverpoolIgor Biscan
42%
2000-04ChelseaMario Stanic
36%
1996-01Derby County, West Ham UnitedIgor Stimac
36%
2009-12Bolton WanderersIvan Klasnic
35%
2012-14Fulham, West Ham UnitedMladen Petric
35%
2000-03MiddlesbroughAlen Boksic
34%
2001-02Aston VillaBosko Balaban
32%
1996-98Derby CountyAljosa Asanovic
29%
1996-97Nottingham ForestNikola Jerkan
14%
2003-04, 2005-06PortsmouthIvica Mornar
13%
2003-04PortsmouthBoris Zivkovic
9%

Score Distribution

Percentile by Number Answered

Percent of People with Each Score

Your Score History

You have not taken this quiz